00566 2200205 4500001002100000008004100021035002000062245012300082100001800205250000600223260003500229300001200264084001400276082000800290650001400298990001200312990001200324990001200336990001200348INLIS000000000000546 ind  a0010-0424000522 aMuatan Lokal; Ensiklopedia Pengetahuan Populer 6( Mengenal Tokoh-Tokoh Indonesia & Pelajar Berprestasi )cDody Hidayat aHidayat, Dodi a1 aJakarta :bLentera Abadic2015 a490 hlm a300 DOD m a300 aNon Fiksi a0722212 a0722213 a0722214 a0722215